[Event "FSIMB November"]
[Site "Budapest HUN"]
[Date "2007.11.05"]
[Round "3"]
[White "Burghardt,J"]
[Black "Francsics,E"]
[Result "0-1"]
[WhiteElo "2198"]
[BlackElo "2164"]

1.e4 d6 2.d4 g6 3.Nc3 Bg7 4.Be3 c6 5.Qd2 b5 6.f3 a6 7.Nge2 Nd7 8.g4 Nb6 9.Ng3 d5
10.e5 Nc4 11.Bxc4 bxc4 12.Na4 h5 13.gxh5 gxh5 14.Rg1 Bf8 15.Nxh5 Bf5 16.Nc5 Qb6
17.b3 Rxh5 18.Rxg8 O-O-O 19.Rg5 Rxg5 20.Bxg5 Re8 21.e6 Bxe6 22.O-O-O Bf5
23.Bh6 c3 24.Qf4 Bxh6 25.Qxh6 e6 26.Qg7 Qc7 27.Qg3 Rh8 28.f4 Rh3 29.Qg8+ Qd8
30.Qxf7 Rh7 31.Nxe6 Rxf7 32.Nxd8 Kxd8  0-1

[Event "FSIMA November"]
[Site "Budapest HUN"]
[Date "2007.11.11"]
[Round "9"]
[White "Cooke,E"]
[Black "Mikkelsen,N"]
[Result "1/2-1/2"]
[WhiteElo "2253"]
[BlackElo "2315"]

1.e4 g6 2.d4 Bg7 3.Nc3 d6 4.f4 a6 5.Nf3 b5 6.a3 Nd7 7.d5 e5 8.dxe6 fxe6 9.Nd4 Qf6
10.Be3 Ne7 11.e5 dxe5 12.Ne4 Qh4+ 13.g3 exd4 14.gxh4 dxe3 15.Bg2 Bb7 16.O-O O-O-O
17.Qe2 Bxb2 18.Rad1 Nf5 19.c4 Bxa3 20.cxb5 a5 21.Ng5 Nc5 22.Bxb7+ Kxb7 23.Qa2 Kb6
24.Rxd8 Rxd8 25.Qxa3 e2 26.Re1 Rd1 27.Nf3 Rd3 28.Qb2 Rxf3 29.Rxe2 Rxf4 30.Qh8 Kb7
31.Qxh7 Nxh4 32.Rc2 Nf3+ 33.Kh1 Ne1 34.Rg2 Ncd3 35.Kg1 Nf3+ 36.Kh1 Nfe1 37.Kg1 Nf3+  1/2-1/2

[Event "SPICE Cup"]
[Site "Lubbock USA"]
[Date "2007.11.13"]
[Round "6"]
[White "Hernandez Guerrero,G"]
[Black "Leon Hoyos,M"]
[Result "1/2-1/2"]
[WhiteElo "2536"]
[BlackElo "2495"]

1.e4 g6 2.d4 Bg7 3.Nc3 d6 4.f4 a6 5.Nf3 b5 6.Bd3 Bb7 7.e5 b4 8.Ne4 e6 9.O-O Ne7
10.Qe1 a5 11.a3 Nbc6 12.Bd2 O-O 13.c3 bxc3 14.bxc3 Ba6 15.Bxa6 Rxa6 16.Nfg5 h6
17.Nf6+ Kh8 18.Ngh7 Bxf6 19.Nxf6 Ng8 20.Ne4 Kg7 21.Rb1 a4 22.Qe2 Ra8 23.Qb5 Qd7
24.exd6 cxd6 25.d5 exd5 26.Qxd5 Nge7 27.Qd3 d5 28.Be3 Nf5 29.Bf2 Rfe8 30.Rfd1 Qc7
31.Ng3 Nce7 32.Nxf5+ Nxf5 33.Qxd5 Qxc3 34.Rb7 Qf6 35.Rb6 Qe7 36.Rb7 Qf6 37.Rb6 Qe7
38.Rb7  1/2-1/2

[Event "TCh-FIN 2007-8"]
[Site "Finland FIN"]
[Date "2007.11.17"]
[Round "4"]
[White "Virtanen,A"]
[Black "Lehtinen,H"]
[Result "0-1"]
[WhiteElo "2331"]
[BlackElo "2366"]

1.e4 g6 2.d4 Bg7 3.Nc3 d6 4.Be3 a6 5.Qd2 b5 6.Bd3 Nd7 7.a4 b4 8.Nce2 Rb8
9.Nf3 c5 10.O-O cxd4 11.Bxd4 Ngf6 12.e5 dxe5 13.Nxe5 Qc7 14.f4 O-O 15.c3 Nc5
16.Bc4 Nce4 17.Qe3 Nd6 18.Bd3 bxc3 19.bxc3 Nf5 20.Bxf5 Bxf5 21.Ng3 Be6 22.f5 Bd5
23.Rf2 Rb3 24.fxg6 hxg6 25.Qg5 Rfb8 26.Raf1 Nh7 27.Qe3 Rb1 28.Ng4 Bc4 29.Bxg7 Kxg7
30.Rxb1 Rxb1+ 31.Nf1 Rxf1+ 32.Rxf1 Bxf1 33.Kxf1 Qc4+ 34.Qe2 Qxa4 35.Qe5+ Nf6
36.Nxf6 Qd1+ 37.Kf2 Qd2+ 38.Kf3 Qd3+ 39.Kf2 exf6 40.Qa5 Qd2+ 41.Kf3 Qd3+
42.Kf2 Qc4 43.h3 Qf4+ 44.Kg1 Qd6 45.Kh1 Qe6 46.Qb4 Qe1+ 47.Kh2 Qe5+ 48.Kh1 a5
49.Qc4 Qe8 50.Qb3 a4 51.Qb4 Qa8 52.Qa3 Qa6 53.g4 Qb7+ 54.Kh2 Qb3 55.Qc5 Qc2+
56.Kg3 Qd3+ 57.Kg2 Qe2+ 58.Kg1 Qe5 59.Qb4 Qg3+ 60.Kf1 Qxh3+ 61.Kf2 Qh2+ 62.Kf3 Qh1+
63.Kf2 Qa8 64.Qa3 Qe4 65.Kg3 Qc4 66.Kf3 g5  0-1

[Event "TCh-BEL 2007-8"]
[Site "Belgium BEL"]
[Date "2007.11.18"]
[Round "4"]
[White "Laurent,B"]
[Black "Verduyn,F"]
[Result "0-1"]
[WhiteElo "2359"]
[BlackElo "2228"]

1.e4 d6 2.d4 g6 3.Nc3 Bg7 4.f4 a6 5.Nf3 b5 6.Bd3 Nd7 7.e5 e6 8.O-O Bb7 9.a4 b4
10.Ne4 Bxe4 11.Bxe4 d5 12.Bd3 c5 13.c4 dxc4 14.Bxc4 Nb6 15.Qe2 Qc8 16.Be3 cxd4
17.Rfc1 dxe3 18.Bb5+ axb5 19.Rxc8+ Rxc8 20.Qxb5+ Nd7 21.Rd1 Rc7 22.Qa5 e2
23.Re1 Rc8 24.Rxe2 Ne7 25.Rd2 Nd5 26.Rxd5 exd5 27.Qxd5 Nc5 28.Qd6 Bf8 29.Qb6 Nd7
30.Qb7 Bc5+ 31.Kf1 Rd8 32.Ng5 h6 33.e6 hxg5 34.exd7+ Kf8 35.Qd5 Be7 36.a5 gxf4
37.a6 Rh5 38.Qd4 Bc5 39.Qe4 Rxd7 40.Ke2  0-1

[Event "WYb18"]
[Site "Kemer TUR"]
[Date "2007.11.18"]
[Round "1"]
[White "Gundavaa,B"]
[Black "Djuraev,S"]
[Result "0-1"]
[WhiteElo "2274"]
[BlackElo "2297"]

1.e4 g6 2.d4 Bg7 3.Nc3 d6 4.Be3 c6 5.Qd2 Nd7 6.h4 h5 7.O-O-O b5 8.f3 Nb6
9.Bd3 Rb8 10.Kb1 Qc7 11.Nh3 Bxh3 12.Rxh3 a6 13.g4 Nf6 14.g5 Nfd7 15.f4 Nc4
16.Bxc4 bxc4 17.Ka1 O-O 18.f5 Kh7 19.Rf3 c5 20.Nd5 Qb7 21.b3 e6 22.f6 exd5
23.fxg7 Kxg7 24.exd5 Qxd5 25.Rf4 Rbe8 26.dxc5 Qxd2 27.Bxd2 d5 28.Rd4 Nxc5
29.Rxd5 Nd3 30.Rd4 Re2 31.b4 Rfe8 32.a4 Nf2 33.Rf1 Ne4 34.Rd7 Rf8 35.Bf4 c3  0-1

[Event "WYb18"]
[Site "Kemer TUR"]
[Date "2007.11.19"]
[Round "2"]
[White "Forsaa,E"]
[Black "Polatel,L"]
[Result "1-0"]
[WhiteElo "2263"]
[BlackElo "2009"]

1.e4 g6 2.d4 Bg7 3.Nc3 d6 4.Be2 Nf6 5.g4 c6 6.g5 Nfd7 7.a4 e5 8.dxe5 dxe5
9.Be3 Qe7 10.Qd2 Nc5 11.O-O-O Nbd7 12.h4 Nxe4 13.Bc4 f5 14.gxf6 Bxf6 15.Nf3 Nf8
16.Ne2 Bd7 17.Qa5 Bg5 18.hxg5 c5 19.Rd5 b6 20.Qc3 Be6 21.Bb5+ Kf7 22.Qxe5 Kg8
23.Qd6  1-0

[Event "WYb18"]
[Site "Kemer TUR"]
[Date "2007.11.21"]
[Round "4"]
[White "Farkas,Ga1"]
[Black "Polatel,L"]
[Result "1-0"]
[WhiteElo "2333"]
[BlackElo "2009"]

1.e4 g6 2.d4 Bg7 3.Nc3 d6 4.h3 c6 5.Be3 Nd7 6.Nge2 Qc7 7.g4 e5 8.Bg2 Ne7
9.O-O b5 10.a3 a6 11.Qd2 Bb7 12.f4 exf4 13.Bxf4 O-O 14.Rf2 c5 15.Bh6 b4 16.axb4 cxb4
17.Bxg7 bxc3 18.Qh6 cxb2 19.Re1 Qxc2 20.Bxf8 Rxf8 21.Rff1 a5 22.Qg5 Nc6 23.Qb5 Ba8
24.Rb1 Rb8 25.Qd5 Nd8 26.Qxd6 Qxe2 27.Qxd7 Qe3+ 28.Kh1 Qb3 29.Qe8+ Kg7 30.Qe5+ Kg8
31.Rf2 Nc6 32.Rfxb2  1-0

[Event "20th Belgrade Trophy"]
[Site "Belgrade SRB"]
[Date "2007.11.22"]
[Round "1"]
[White "Nestorovic,N"]
[Black "Jovanovic,Boz"]
[Result "1-0"]
[WhiteElo "2436"]
[BlackElo "2096"]

1.e4 d6 2.d4 g6 3.Nc3 Bg7 4.Nf3 Nf6 5.Bd3 Bg4 6.h3 Bxf3 7.Qxf3 Nc6 8.Bb5 O-O
9.Be3 e5 10.Bxc6 bxc6 11.dxe5 Nd7 12.exd6 Ne5 13.Qe2 cxd6 14.O-O Qc7 15.Rad1 Rab8
16.b3 Kh8 17.Qd2 f5 18.exf5 Qf7 19.f4 Nd7 20.fxg6 Qxg6 21.Qxd6 Nf6 22.Qd3 Qh5
23.Bxa7 Rbd8 24.Qf3 Qa5 25.Bf2 Rc8 26.Bd4 Rfd8 27.Bxf6 Bxf6 28.Ne4 Bd4+ 29.Kh1 Qxa2
30.Ng5 Qa7 31.Qh5 Kg8 32.Ne6 Rd5 33.Qg4+ Kh8 34.Nxd4 Rg8 35.Nxc6 Qa6 36.Qe6 Rd2
37.Qf6+ Rg7 38.Rfe1 Rxd1 39.Rxd1 h5 40.Qh6+  1-0

[Event "WYb18"]
[Site "Kemer TUR"]
[Date "2007.11.22"]
[Round "5"]
[White "Garcia,Ser"]
[Black "Sfarlog,T"]
[Result "1-0"]
[WhiteElo "2087"]
[BlackElo "2265"]

1.e4 g6 2.d4 Bg7 3.Nc3 d6 4.g3 Nf6 5.Bg2 O-O 6.Nge2 Nc6 7.h3 e5 8.Be3 exd4
9.Nxd4 Bd7 10.O-O a6 11.a4 Rb8 12.Kh2 Re8 13.Qd2 Nxd4 14.Bxd4 c5 15.Be3 Bc6
16.Bg5 b5 17.axb5 axb5 18.Ra6 b4 19.Rxc6 bxc3 20.bxc3 Rb6 21.Rxb6 Qxb6 22.Re1 Nd7
23.Rd1 Bf8 24.Be3 Qb2 25.f4 Nb6 26.Qd3 Na4 27.Bd2 Qb6 28.Ra1 Nb2 29.Qd5 Rb8
30.Qa2 Bg7 31.Rb1 g5 32.fxg5 Be5 33.Rf1 c4 34.Bc1 Rb7 35.Bxb2 Qxb2 36.Qxc4 Bg7
37.Rf2 Qb6 38.Rf1 Qe3 39.Rf3 Qxg5 40.Qd5 Rb8 41.Bf1 h5 42.Bc4 h4 43.Rxf7 Qh6
44.Qe6  1-0

[Event "20th Belgrade Trophy"]
[Site "Belgrade SRB"]
[Date "2007.11.23"]
[Round "2"]
[White "Dizdarevic,B"]
[Black "Djordjijevic,S"]
[Result "0-1"]
[WhiteElo "1830"]
[BlackElo "2097"]

1.e4 g6 2.d4 Bg7 3.Nc3 d6 4.Bg5 c6 5.f4 Qb6 6.Nge2 Qxb2 7.Rb1 Qa3 8.Rb3 Qa5
9.e5 f6 10.exf6 exf6 11.Bh4 Ne7 12.Qd2 O-O 13.Ng3 d5 14.Be2 Qc7 15.O-O Re8
16.Bd3 Nd7 17.Re1 Nf8 18.Nf1 Bf5 19.Bg3 Ne6 20.Ne2 Qd7 21.c4 Bxd3 22.Qxd3 Nf5
23.c5 Re7 24.Reb1 Rb8 25.a4 Qe8 26.R1b2 Nd8 27.Nc3 Rc8 28.a5 a6 29.Rb1 Rcc7
30.Bf2 h5 31.Ng3 Nxg3 32.Qxg3 f5 33.h3 Kh7 34.Qf3 Ne6 35.Rb4 Qh8 36.Ne2 Bf6
37.Rd1 Qe8 38.Rd2 Rcd7 39.Kh2 Qd8 40.Ra4 Qb8 41.g3 Qe8 42.Nc1 Bg7 43.Nd3 Qf8
44.Re2 Nc7 45.Ne5 Rd8 46.Ra3 Rde8 47.Rae3 Ne6 48.Rb3 Bh6 49.Rb4 Qg7 50.Reb2 Rc7
51.Be3 Rf8 52.Rg2 Qf6 53.Rf2 Rg8 54.Rg2 Rgg7 55.Rg1 Kg8 56.h4 Rge7 57.Rg2 Ng7
58.Rgb2 Ne8 59.Re2 Bf8 60.Reb2 Qg7 61.Qd1 Nf6 62.Qe2 Qh7 63.Kg2 Bg7 64.Kh2 Ne4
65.Qf3 Bf6 66.Rb1 Qg7 67.R1b2 Kh7 68.Rb1 Qf8 69.R1b2 Qd8 70.Rb1 Rg7 71.R1b2 Rce7
72.Rb1 Qxa5 73.R1b2 Qd8 74.Ra4 Rc7 75.Ra5 Qf8 76.Ra3 Bd8 77.Qf1 Qe7 78.Qf3 Qf6
79.Qf1 Rge7 80.Qf3 Rc8 81.Rab3 Qg7 82.Ra3 Ra8 83.Rab3 Ba5 84.Qf1 Ra7 85.Qb1 Bc3
86.Rc2 Ba5 87.Qa1 Bd8 88.Rbb2 Rc7 89.Rb3 Bf6 90.Qb1 Qe7  0-1

[Event "WYg18"]
[Site "Kemer TUR"]
[Date "2007.11.24"]
[Round "7"]
[White "Kiran,M"]
[Black "Andrenko,I"]
[Result "0-1"]
[WhiteElo "2263"]
[BlackElo "2145"]

1.e4 g6 2.d4 Bg7 3.Nc3 d6 4.Be3 c6 5.Qd2 Nf6 6.Bd3 Nbd7 7.h3 e5 8.Nf3 b5
9.a4 b4 10.Ne2 a5 11.c3 O-O 12.O-O c5 13.dxe5 dxe5 14.cxb4 cxb4 15.Ng3 Qe7
16.Rac1 Rd8 17.Rfd1 Ne8 18.Bb5 Bf6 19.Bg5 Ba6 20.Bxd7 Ra7 21.Bxf6 Qxf6 22.Qg5 Qxg5
23.Nxg5 Raxd7 24.Rxd7 Rxd7 25.Nf3 f6 26.Rc5 Bd3 27.Rxa5 Bc2 28.Kf1 Rd1+ 29.Ke2 Rb1
30.Kd2 Rxb2 31.Kc1 Ra2 32.Ra8 Kf7 33.a5 b3 34.Nd2 Nd6 35.f3 Nb5 36.Nc4 Ra1+
37.Kd2 Rd1+ 38.Ke3 Rd3+ 39.Kf2 Rc3 40.Nb2 Rc7 41.Rb8 Nd6 42.a6 Re7 43.Nf1 Ra7
44.Rb6 Ke8 45.Rb8+ Kd7 46.Nd2 Kc6 47.Nxb3 Rxa6 48.Rb4  0-1

[Event "WYb18"]
[Site "Kemer TUR"]
[Date "2007.11.24"]
[Round "7"]
[White "Spoelman,W"]
[Black "Djuraev,S"]
[Result "1-0"]
[WhiteElo "2445"]
[BlackElo "2297"]

1.e4 g6 2.d4 Bg7 3.Nc3 d6 4.Be3 c6 5.Qd2 Nd7 6.h4 h5 7.Nh3 Ngf6 8.f3 b5 9.Ng5 Rb8
10.O-O-O b4 11.Ne2 Qa5 12.Kb1 Qc7 13.Nf4 O-O 14.g4 e5 15.dxe5 dxe5 16.Nxg6 fxg6
17.Bc4+ Kh8 18.Ne6 Qb7 19.Bh6 Rg8 20.gxh5 Nxh5 21.Bxg7+ Rxg7 22.Nd8 Ndf6
23.Qh6+ Nh7 24.Nf7+ Qxf7 25.Bxf7 Ba6 26.Bxg6  1-0

[Event "20th Belgrade Trophy"]
[Site "Belgrade SRB"]
[Date "2007.11.25"]
[Round "4"]
[White "Sarenac,D"]
[Black "Bogdanovski,V"]
[Result "1-0"]
[WhiteElo "2212"]
[BlackElo "2429"]

1.e4 d6 2.d4 g6 3.Nc3 Bg7 4.Bg5 Nd7 5.Qd2 a6 6.f4 b5 7.Nf3 Bb7 8.Bd3 c5 9.d5 Ngf6
10.a3 O-O 11.O-O c4 12.Be2 Nc5 13.Bxf6 Bxf6 14.Qe3 Qc7 15.Rad1 Rac8 16.Nd4 e5
17.dxe6 Nxe6 18.Ndxb5 axb5 19.Nxb5 Qd7 20.Bxc4 d5 21.e5 Be7 22.Kh1 Qc6 23.Bd3 d4
24.Qg3 Rcd8 25.b4 Ba6 26.Na7 Qb6 27.Bxa6 Qxa6 28.f5 Qxa7 29.fxe6 fxe6 30.Rxf8+ Bxf8
31.Qg4 Qb6 32.h4 Bg7 33.Rd3  1-0

[Event "TCh-HUN 2007-8"]
[Site "Budapest HUN"]
[Date "2007.11.25"]
[Round "3"]
[White "Boros,De"]
[Black "Szabo,Zso3"]
[Result "1-0"]
[WhiteElo "2460"]
[BlackElo "2342"]

1.e4 d6 2.d4 g6 3.Nc3 Bg7 4.f4 Nf6 5.Nf3 O-O 6.Bd3 Na6 7.O-O c5 8.d5 Bg4
9.a3 Rb8 10.h3 Bxf3 11.Qxf3 Nc7 12.a4 a6 13.a5 e6 14.f5 Nd7 15.Qg3 Ne5 16.Bg5 Qd7
17.f6 Bh8 18.Be2 b5 19.Rad1 Rbd8 20.Qh4 h5 21.g4 b4 22.Nb1 exd5 23.exd5 Nb5
24.c3 bxc3 25.bxc3 c4 26.gxh5 Qa7+ 27.Kh2 Qc5 28.Bf4 Nd7 29.hxg6 Bxf6  1-0

[Event "WYb16"]
[Site "Kemer TUR"]
[Date "2007.11.25"]
[Round "8"]
[White "Yilmaz,M"]
[Black "Nitin,S"]
[Result "1-0"]
[WhiteElo "2247"]
[BlackElo "2321"]

1.e4 g6 2.d4 Bg7 3.Nc3 d6 4.Be3 c6 5.Qd2 Nd7 6.f3 b5 7.g4 Nb6 8.h4 h5 9.g5 e6
10.b3 Ne7 11.Nge2 b4 12.Nd1 c5 13.c3 bxc3 14.Ndxc3 O-O 15.dxc5 dxc5 16.Bxc5 Qxd2+
17.Kxd2 Rd8+ 18.Ke3 Nc6 19.Bg2 Ba6 20.Rad1 Nd7 21.Ba3 Rac8 22.f4 e5 23.Nd5 exf4+
24.Nexf4 Nde5 25.Bh3 Ra8 26.Nc7 Nd4 27.Rc1 Rac8 28.Nxa6 Nc2+ 29.Ke2 Rc3 30.Bc5 Bf8
31.Nd5 Rxd5 32.exd5 Bxc5 33.Nxc5 Rxc5 34.Kd1 Ne3+ 35.Kd2 Rxc1 36.Rxc1 Nxd5
37.Rc5 Nf3+ 38.Ke2 Ng1+ 39.Kf1  1-0

[Event "WYb16"]
[Site "Kemer TUR"]
[Date "2007.11.25"]
[Round "8"]
[White "Poetsch,H"]
[Black "Gevorgyan,I"]
[Result "0-1"]
[WhiteElo "2264"]
[BlackElo "2078"]

1.e4 g6 2.d4 Bg7 3.Nc3 d6 4.Nf3 Nf6 5.Be2 O-O 6.O-O Nc6 7.d5 Nb8 8.Be3 e5
9.dxe6 Bxe6 10.Nd4 Bd7 11.f4 Nc6 12.h3 Re8 13.Bf3 Qe7 14.Qd2 Nxd4 15.Bxd4 Bc6
16.Rae1 Nd7 17.Bxg7 Kxg7 18.b4 a6 19.a4 Nb6 20.Qd4+ f6 21.a5 Nd7 22.Bg4 Nf8
23.Qc4 Qf7 24.Qxf7+ Kxf7 25.Be2 Re7 26.Bc4+ Kg7 27.Nd5 Bxd5 28.exd5 Rxe1
29.Rxe1 Kf7 30.Kf2 h5 31.Be2 Nd7 32.Bf3 h4 33.c4 f5 34.Rc1 b6 35.Ra1 Rb8
36.axb6 Rxb6 37.Ra4 Kf6 38.Ke3 g5 39.Kd4 gxf4 40.c5 Rxb4+ 41.Rxb4 dxc5+ 42.Kc4 cxb4
43.Kxb4 Ke5 44.Ka5 Nc5 45.Kb4 Nd3+ 46.Kc3 Ne1 47.Be2 Nxg2 48.Bxa6 f3 49.Kd3 Nf4+
50.Ke3 Nxh3 51.Kxf3 Ng5+ 52.Kg2 Kxd5 53.Bb7+ Kd4 54.Bc6 f4 55.Kf2 f3 56.Bxf3 Nxf3
57.Kxf3 c5 58.Kg4 c4 59.Kxh4 c3 60.Kg5 c2 61.Kf5 c1=Q 62.Ke6 Qg5 63.Kd6 Qh6+
64.Ke7 Kd5  0-1

[Event "WYb18"]
[Site "Kemer TUR"]
[Date "2007.11.26"]
[Round "9"]
[White "Leenaerts,R"]
[Black "Sfarlog,T"]
[Result "0-1"]
[WhiteElo "2115"]
[BlackElo "2265"]

1.e4 g6 2.d4 Bg7 3.Nc3 d6 4.f4 Nf6 5.Nf3 c5 6.Bb5+ Bd7 7.Bxd7+ Nfxd7 8.d5 b5
9.Nxb5 Qa5+ 10.Nc3 Bxc3+ 11.bxc3 Qxc3+ 12.Bd2 Qc4 13.Qe2 Nb6 14.a4 a5 15.Qxc4 Nxc4
16.Bc3 O-O 17.Ke2 f5 18.e5 Na6 19.Nd2 Nb6 20.Bxa5 Nxd5 21.g3 dxe5 22.fxe5 c4
23.Nxc4 Rfc8 24.Ne3 Nxe3 25.Kxe3 Rc5 26.Bb6 Rxe5+ 27.Kf3 Rc8 28.Rhe1 Rc3+
29.Kf4 Rxe1 30.Rxe1 Kf7 31.Rc1 Nb4 32.Ba5  0-1

[Event "WYb14"]
[Site "Kemer TUR"]
[Date "2007.11.26"]
[Round "9"]
[White "Zhou,Y"]
[Black "Mamani,Joa"]
[Result "1-0"]
[WhiteElo "2068"]
[BlackElo "1941"]

1.e4 g6 2.d4 d6 3.Nc3 Bg7 4.Be3 a6 5.Qd2 b5 6.h4 Nf6 7.f3 Nbd7 8.O-O-O c6
9.Bh6 Bxh6 10.Qxh6 Qa5 11.Kb1 Nb6 12.Nh3 Be6 13.d5 cxd5 14.Ng5 dxe4 15.Nxe6 fxe6
16.Nxe4 Nbd5 17.Nxf6+ Nxf6 18.Bd3 Kf7 19.h5 Rhg8 20.g4 Rg7 21.hxg6+ hxg6
22.g5 Nd7 23.Bxg6+ Rxg6 24.Qh7+ Rg7 25.g6+ Kf8 26.Qh8+ Rg8 27.g7+ Kf7 28.Qh5+ Kxg7
29.Rdg1+ Kf6 30.Qh6+ Kf7 31.Qh7+ Kf6 32.Rh6+  1-0

[Event "WYg18"]
[Site "Kemer TUR"]
[Date "2007.11.26"]
[Round "9"]
[White "Preethi,R"]
[Black "Gosciniak,M"]
[Result "1-0"]
[WhiteElo "2125"]
[BlackElo "2026"]

1.e4 g6 2.d4 Bg7 3.Nc3 d6 4.Bc4 a6 5.Qf3 e6 6.Be3 b5 7.Bb3 Bb7 8.a3 Nf6 9.Nge2 Nbd7
10.Rd1 Qe7 11.Bg5 h6 12.Bh4 Rd8 13.O-O c5 14.Bg3 cxd4 15.Nxd4 Nc5 16.Rfe1 O-O
17.Ba2 Kh8 18.b4 Ncxe4 19.Nxe4 Nxe4 20.Rxe4 f5 21.Nxe6 fxe4 22.Nxf8 Rxf8
23.Qe3 Qf6 24.h3 Rd8 25.Qb6 Bc8 26.Qc7 Kh7 27.Be5 Rd7 28.Qxd7 Qxe5 29.Qxc8  1-0

[Event "WYb18"]
[Site "Kemer TUR"]
[Date "2007.11.26"]
[Round "9"]
[White "Warakomski,T"]
[Black "Djuraev,S"]
[Result "1-0"]
[WhiteElo "2498"]
[BlackElo "2297"]

1.e4 d6 2.d4 g6 3.Nc3 Bg7 4.f4 a6 5.Bd3 b5 6.Nf3 Bb7 7.e5 Nd7 8.Qe2 e6 9.a4 b4
10.Ne4 Nh6 11.c3 Bxe4 12.Bxe4 d5 13.Bd3 bxc3 14.bxc3 c5 15.O-O Qa5 16.Bd2 c4
17.Bc2 Rb8 18.Ne1 Qd8 19.g4 Rg8 20.h3 a5 21.Ra2 Rb6 22.Ng2 Rh8 23.Be3 Bf8
24.Qd2 Ng8 25.f5 Ne7 26.fxe6 fxe6 27.Qf2 Nb8 28.Bg5 Kd7 29.Qh4 h6 30.Rf7 Rg8
31.Bxh6 Bxh6 32.Qxh6 Kc8 33.Nf4 Qe8 34.Qh7 Rb7 35.Nxe6 Nbc6 36.Bxg6 Nd8 37.Rf8 Qxf8
38.Nxf8 Rxf8 39.Rb2 Rxb2 40.Qxe7 Rbf2 41.Bf5+ R8xf5 42.gxf5 Rxf5 43.Qc5+ Kd7
44.Qxd5+ Ke7 45.Qc5+ Kd7 46.Qxc4  1-0

[Event "Open"]
[Site "Rijeka CRO"]
[Date "2007.11.26"]
[Round "3"]
[White "Susak,Z"]
[Black "Kovacic,Dr"]
[Result "1-0"]
[WhiteElo "2242"]
[BlackElo "1994"]

1.e4 d6 2.d4 g6 3.Nc3 Bg7 4.Be3 e5 5.Nge2 Nc6 6.Qd2 exd4 7.Nxd4 Bd7 8.O-O-O Nf6
9.f3 a6 10.g4 Qe7 11.g5 Nh5 12.Nd5 Qd8 13.Be2 Be6 14.f4 Qd7 15.Bxh5 gxh5
16.Nf5 Bxf5 17.exf5 O-O-O 18.f6 Bf8 19.Qd3 h6 20.Bb6 Nb4 21.Nxb4 cxb6 22.Nd5 Qc6
23.Qd4 Qc5 24.Nxb6+ Kc7 25.Nd5+ Kb8 26.h4 Rc8 27.c3 hxg5 28.fxg5 Qb5 29.b3 Qa5
30.Kb2 Qb5 31.Rhe1 Qc6 32.Rd2 Rd8 33.Rde2 Qd7 34.Qb6 Rc8 35.Nb4 Qb5 36.Qxb5 axb5
37.Nd5 Rc5 38.Rd2 Ka7 39.Re4 b6 40.b4 Rc8 41.Kb3 Kb7 42.c4 Kc6 43.cxb5+ Kxb5
44.a4+ Ka6 45.Rc4 Rxc4 46.Kxc4 Rg8 47.Rd4 Rh8 48.Re4 Rg8 49.b5+ Kb7 50.Re8 Rh8
51.Kb4 Ka7 52.a5 bxa5+ 53.Kxa5 Kb7 54.Kb4 Rg8 55.Kc4 Rh8 56.Kd4 Rg8 57.Ke4 Ka7
58.Kf5 Kb7 59.Re7+ Bxe7 60.fxe7  1-0

[Event "20th Belgrade Trophy"]
[Site "Belgrade SRB"]
[Date "2007.11.27"]
[Round "6"]
[White "Stankovic,Milo"]
[Black "Kuzmanovic,R"]
[Result "1-0"]
[WhiteElo "2109"]
[BlackElo "1945"]

1.e4 d6 2.d4 g6 3.Nc3 Bg7 4.Bg5 Nf6 5.Qd2 h6 6.Bh4 Nbd7 7.O-O-O a6 8.e5 Ng4
9.h3 Ngxe5 10.dxe5 Nxe5 11.f4 Nc6 12.Bc4 Na5 13.Bd3 Be6 14.Nf3 c5 15.Rhe1 Qb6
16.Na4 Qc7 17.Rxe6 fxe6 18.Bxg6+ Kd7 19.f5 e5 20.Qd5 Nc6 21.Qe6+ Kd8 22.Rxd6+  1-0

[Event "Open"]
[Site "Rijeka CRO"]
[Date "2007.11.28"]
[Round "5"]
[White "Pandurevic,M"]
[Black "Sebenik,M"]
[Result "0-1"]
[WhiteElo "2270"]
[BlackElo "2480"]

1.e4 g6 2.Nc3 Bg7 3.d4 d6 4.Be3 a6 5.a4 b6 6.Qd2 Bb7 7.Nf3 Nd7 8.Bc4 e6 9.O-O h6
10.Qe2 Ne7 11.Nd2 O-O 12.f4 d5 13.exd5 exd5 14.Ba2 Nf5 15.Qd3 c5 16.Nf3 Re8
17.Bf2 cxd4 18.Nxd4 Nc5 19.Qd1 Bxd4 20.Bxd4 Ne6 21.Bf2 d4 22.Ne2 Qc7 23.Nxd4 Nexd4
24.Bxd4 Red8 25.c3 Bxg2 26.Qg4 Bd5 27.Bxd5 Rxd5 28.Rad1 Rad8 29.Bf2 b5 30.axb5 axb5
31.Rxd5 Rxd5 32.Qf3 Rd2 33.b4 Qd7 34.Re1 Kh7 35.Ra1 Rd3 36.Qe2 Rxc3 37.Ra7 Rc1+
38.Kg2 Nh4+ 39.Bxh4 Qxa7 40.Qxb5 Qg1+ 41.Kh3 Rc3+ 42.Bg3 Rxg3+ 43.hxg3 Qh1+
44.Kg4 f5+  0-1

[Event "Open"]
[Site "Rijeka CRO"]
[Date "2007.11.29"]
[Round "6"]
[White "Valenti,G"]
[Black "Rukavina,J"]
[Result "0-1"]
[WhiteElo "2207"]
[BlackElo "2393"]

1.e4 d6 2.d4 g6 3.Nc3 Bg7 4.h3 c6 5.Nf3 Nd7 6.Be2 b5 7.O-O Qc7 8.Bg5 Ngf6
9.a3 a6 10.Re1 O-O 11.Bf1 e5 12.Qd2 Re8 13.Rad1 Bb7 14.Bh6 Nf8 15.Bxg7 Kxg7
16.dxe5 dxe5 17.Qd6 Rac8 18.Qxc7 Rxc7 19.Rd6 N8d7 20.Red1 c5 21.R6d2 Nb6
22.Rd6 Nc8 23.Rd8 Rxd8 24.Rxd8 Nxe4 25.Nxe4 Bxe4 26.Nxe5 Bxc2 27.Rd7 Rxd7
28.Nxd7 c4 29.Nb8 a5 30.Nc6 Be4 31.Nxa5 Nb6 32.f3 Bd5 33.Kf2 Kf6 34.Ke3 Ke5
35.f4+ Kd6 36.Kd4 Na4 37.b3 cxb3 38.Bxb5 b2 39.Bd3 Nc5 40.Bb1 Ne6+ 41.Ke3 Kc5
42.g3 Kb5 43.Kd2 Kxa5 44.Kc3 f5 45.Kxb2 Nd4 46.g4 Be6 47.gxf5 Nxf5 48.Ba2 Bxa2
49.Kxa2 Nd4  0-1

[Event "Open"]
[Site "Rijeka CRO"]
[Date "2007.11.30"]
[Round "7"]
[White "Pejic,Ir"]
[Black "Dubois,M"]
[Result "1/2-1/2"]
[WhiteElo "2121"]
[BlackElo "2011"]

1.e4 g6 2.d4 Bg7 3.Nc3 d6 4.Be3 c6 5.a4 Nf6 6.h3 O-O 7.Nf3 Nbd7 8.Be2 e5
9.a5 Re8 10.dxe5 dxe5 11.Bc4 Qe7 12.O-O Nf8 13.Qe2 Nh5 14.Rfd1 Ne6  1/2-1/2

[Event "TCh-AUT 1st Bundesliga 2007-8"]
[Site "Baden AUT"]
[Date "2007.12.02"]
[Round "3"]
[White "Drabke,L"]
[Black "Alvir,A"]
[Result "1-0"]
[WhiteElo "2411"]
[BlackElo "2362"]

1.e4 g6 2.d4 Bg7 3.Nc3 d6 4.Be3 c6 5.Qd2 b5 6.Bd3 Nd7 7.Nf3 a6 8.O-O Qc7
9.a4 b4 10.Ne2 Rb8 11.c3 bxc3 12.Nxc3 e6 13.b4 Ne7 14.Rfc1 Qb7 15.Rab1 O-O
16.Qe2 Qa8 17.a5 Bb7 18.Bf4 e5 19.dxe5 dxe5 20.Bg5 Nc8 21.Na4 h6 22.Be3 Rd8
23.Rd1 Nf8 24.Bc4 Rxd1+ 25.Rxd1 c5 26.Nxc5 Ne7 27.Nxb7 Qxb7 28.Bc5 Ra8 29.Rd6 Ne6
30.Bxe6 fxe6 31.Qc4 Kh7 32.h3 Ng8 33.Rxe6 Qf7 34.Nxe5 Qc7 35.Nxg6 Rd8 36.g3 Rd1+
37.Kg2 Qd7 38.Nf4 Qa4 39.Rd6 Re1 40.Qf7 Qa1 41.Qf5+  1-0

[Event "TCh-BEL 2007-8"]
[Site "Belgium BEL"]
[Date "2007.12.02"]
[Round "5"]
[White "Ahn,M"]
[Black "Deleyn,G"]
[Result "0-1"]
[WhiteElo "2298"]
[BlackElo "2304"]

1.e4 g6 2.d4 Bg7 3.Nc3 d6 4.f4 Nc6 5.Nf3 Nf6 6.Be3 e6 7.Qd2 Ne7 8.O-O-O b6
9.Bd3 O-O 10.Rhf1 c5 11.Kb1 cxd4 12.Bxd4 Nc6 13.Bf2 d5 14.Bb5 Bb7 15.exd5 exd5
16.Bh4 d4 17.Bxc6 Bxc6 18.Nxd4 Bb7 19.f5 Qd6 20.Qg5 h6 21.Qc1 g5 22.Ne6 Qxh2
23.Rh1 Qxh1 24.Rxh1 fxe6 25.Bxg5 hxg5 26.Qxg5 exf5 27.Qxf5 Rae8 28.Qg6 Re5
29.a3 Rd8 30.Rf1 Rd6 31.g4 Re7 32.Qg5 Bc8 33.Qf4 Rde6 34.Qc4 Bb7 35.Re1 Bd5
36.Rxe6 Bxe6 37.Qf4 Bxg4 38.Nd5 Re1+ 39.Ka2 Be6 40.c4 Nxd5 41.Qb8+ Kf7 42.Qg3 Re2
43.Qf3+ Nf4 44.Qxf4+ Kg8 45.Kb1 Rxb2+ 46.Kc1 Rb3 47.Qb8+ Kh7 48.Qe8 Bf5 49.Qf7 Bg6
50.Qxa7 Kh6 51.Qc7 Bf6 52.Qh2+ Kg7 53.Qc7+ Bf7 54.Kc2 Rc3+ 55.Kd2 Bd4 56.Qd8 Rxc4
57.Qg5+ Kf8 58.Qd8+ Kg7 59.Qg5+ Kh8 60.Qh4+ Kg8 61.Qd8+ Kh7 62.Qh4+ Kg6 63.Qg4+ Kf6
64.Qh4+ Ke5 65.Qh8+ Ke6 66.Qh6+ Ke7 67.Qg5+ Kd7 68.Kd3 Bc5 69.Qg7 Rf4 70.Qh6 Rd4+
71.Kc3 Rd6 72.Qh7 Ke7 73.Qh4+ Ke8 74.Qh8+ Kd7 75.Qh7 Bd4+ 76.Kb4 Ke8 77.Qe4+ Be6
78.Qg6+ Kd7 79.Qh7+ Kc6 80.Qe4+ Kc7 81.Qh7+ Bd7 82.Kc4 Bc5 83.a4 Rd4+ 84.Kb3 Rb4+
85.Kc3 Rxa4 86.Qh2+ Bd6 87.Qf2 Ra3+ 88.Kb2 Ra5 89.Qg2 Be5+ 90.Kc1 Ra1+  0-1

[Event "TCh-BEL 2007-8"]
[Site "Belgium BEL"]
[Date "2007.12.02"]
[Round "5"]
[White "Buhr,CC"]
[Black "Vandenbussche,T"]
[Result "1-0"]
[WhiteElo "2290"]
[BlackElo "2235"]

1.e4 g6 2.d4 Bg7 3.Nc3 d6 4.Be3 a6 5.a4 Nf6 6.h3 b6 7.g3 Bb7 8.Bg2 e6 9.Nge2 Nc6
10.O-O Ne7 11.b4 O-O 12.Qd2 Qd7 13.Rfd1 Rad8 14.Bg5 Qc8 15.g4 Rfe8 16.Rab1 Qa8
17.Ng3 Nd7 18.Nce2 c6 19.h4 b5 20.a5 c5 21.c3 f6 22.Bh6 cxb4 23.cxb4 d5 24.Bxg7 Kxg7
25.Nf4 Kf7 26.Re1 dxe4 27.Nxe4 Ne5 28.Nxe6 Bxe4 29.Nxd8+ Rxd8 30.Rxe4 Qa7
31.Rbe1 N7c6 32.Qh6 Nd3 33.Qxh7+ Kf8 34.Qh8+ Kf7 35.Re8  1-0

[Event "Parsvnath ch-Commonwealth"]
[Site "New Delhi IND"]
[Date "2007.12.03"]
[Round "1"]
[White "Thipsay,P"]
[Black "Anand Reddy,K"]
[Result "1-0"]
[WhiteElo "2473"]
[BlackElo "2035"]

1.e4 g6 2.d4 Bg7 3.Nc3 d6 4.f4 a6 5.Nf3 b5 6.Bd3 Bb7 7.O-O Nd7 8.e5 Nh6 9.Ne4 O-O
10.c3 Nb6 11.Qe2 Rc8 12.Bd2 c5 13.dxc5 dxc5 14.Rad1 c4 15.Bc2 Qc7 16.Nd4 Nd7
17.Be3 Bxe4 18.Bxe4 Nc5 19.Bc2 f5 20.h3 Nf7 21.a4 Qb7 22.axb5 axb5 23.Qf3 Rc7
24.Qxb7 Rxb7 25.Nxf5 gxf5 26.Bxc5 Nd8 27.Bxf5 Rxf5 28.Rxd8+ Rf8 29.Rfd1 Rxd8
30.Rxd8+ Kf7 31.Kf2  1-0

[Event "Open"]
[Site "Ascona SUI"]
[Date "2007.12.04"]
[Round "2"]
[White "Chatalbashev,B"]
[Black "Foisor,S"]
[Result "1-0"]
[WhiteElo "2581"]
[BlackElo "2359"]

1.d4 g6 2.e4 Bg7 3.Nc3 d6 4.Bg5 a6 5.f4 b5 6.Nf3 Nd7 7.a4 b4 8.Nd5 c5 9.Bc4 Bb7
10.O-O cxd4 11.e5 Nb6 12.Nxb6 Qxb6 13.Qxd4 Qxd4+ 14.Nxd4 Rc8 15.Bb3 e6 16.Rad1 d5
17.Bh4 Ne7 18.a5 Nc6 19.Ba4 Bf8 20.Bf6 Rg8 21.c4 bxc3 22.bxc3 Bc5 23.Kh1 Kd7
24.Nb3 Be7 25.c4 Bxf6 26.cxd5 exd5 27.Rxd5+ Ke7 28.exf6+ Kxf6 29.f5 Ne5 30.fxg6+ Ke6
31.gxf7 Nxf7 32.Rd2 Rc4 33.Bd7+ Ke7 34.Bh3 Nd6 35.Nd4 Be4 36.Re1 Kf6 37.Rf2+ Kg6
38.Be6 Rxd4 39.Bxg8 Nf5 40.Bb3 Nh6 41.Rxe4  1-0